000 00322nam a22001217a 4500
999 _c529204
_d529204
020 _a9781408855928
082 _aA3 R797
100 _aRowling, J.K.
_951030
245 _aHarry Potter and the Goblet of fire
_cby J.K. Rowling
260 _aLondon
_bBloomsbury Publishing
_c2014
300 _a616p.
650 _aFiction
_951065